[Event "2BLN 1819 SK Zehlendorf - Hamburger SK "]
[Site "?"]
[Date "2019.03.24"]
[Round "10.1"]
[White "Kramer, Julian"]
[Black "Lagunow, Raphael"]
[Result "0-1"]
[WhiteElo "2380"]
[BlackElo "2428"]
[PlyCount "120"]
[EventDate "2019.??.??"]

1. e4 c5 2. Nf3 Nc6 3. Bb5 g6 4. O-O Bg7 5. Re1 Nf6 6. e5 Nd5 7. Nc3 Nc7 8.
Bxc6 dxc6 9. Ne4 Ne6 10. d3 O-O 11. Be3 b6 12. Qd2 f5 13. exf6 exf6 14. Bh6 a5
15. Bxg7 Kxg7 16. Ng3 Ra7 17. Re4 Raf7 18. Rae1 Nc7 19. h4 Nb5 20. a4 Nd6 21.
R4e2 h6 22. Ne4 Nf5 23. Ng3 Nd4 24. Nxd4 Qxd4 25. h5 g5 26. Re8 Qxb2 27. Rxc8
Rxc8 28. Nf5+ Kf8 29. Nd6 Rd8 30. Nxf7 Kxf7 31. Qe2 Qe5 32. Qxe5 fxe5 33. Rxe5
Rd4 34. Rf5+ Ke7 35. Re5+ Kd7 36. c4 Rxd3 37. Rf5 Ke7 38. Re5+ Kf7 39. Rf5+ Kg7
40. Re5 Kf7 41. Rf5+ Ke6 42. Rf8 Ke5 43. Re8+ Kd4 44. Re6 Kxc4 45. Rxc6 b5 46.
axb5 Kxb5 47. Rxh6 Rd8 48. Rh7 c4 49. h6 Kb6 50. Re7 c3 51. h7 c2 52. Re1 Rd1
53. h8=Q Rxe1+ 54. Kh2 c1=Q 55. Qb8+ Kc5 56. Qc7+ Kd4 57. Qd6+ Kc3 58. Qc5+ Kd3
59. Qd5+ Ke2 60. Qe4+ Kf1 0-1

[Event "2BLN 1819 SK Zehlendorf - Hamburger SK "]
[Site "?"]
[Date "2019.03.24"]
[Round "10.2"]
[White "Sawlin, Leonid"]
[Black "Bracker, Frank"]
[Result "1/2-1/2"]
[WhiteElo "2398"]
[BlackElo "2392"]
[PlyCount "70"]
[EventDate "2019.??.??"]

1. e4 e5 2. Nf3 Nc6 3. Bc4 Bc5 4. O-O d6 5. c3 Nf6 6. Re1 O-O 7. d3 a6 8. a4
Ba7 9. Nbd2 Ng4 10. Re2 Kh8 11. h3 f5 12. Nf1 Nh6 13. Bg5 Qe8 14. Qd2 f4 15.
Bxh6 gxh6 16. d4 Bd7 17. Kh1 Na5 18. Bd5 Nc6 19. b4 Bb6 20. Qb2 Qg6 21. N1h2
Qg7 22. Rd1 Rab8 23. b5 axb5 24. axb5 Ne7 25. Ba2 Ng6 26. dxe5 dxe5 27. Red2
Bc8 28. Qb4 Ra8 29. Bb3 Qf6 30. Bd5 h5 31. Rc2 Ba5 32. Qc5 Bb6 33. Qb4 Ba5 34.
Qc5 Bb6 35. Qb4 Ba5 1/2-1/2

[Event "2BLN 1819 SK Zehlendorf - Hamburger SK "]
[Site "?"]
[Date "2019.03.24"]
[Round "10.3"]
[White "Colpe, Malte"]
[Black "Malek, Daniel"]
[Result "1-0"]
[WhiteElo "2368"]
[BlackElo "2374"]
[PlyCount "81"]
[EventDate "2019.??.??"]

1. d4 Nf6 2. c4 g6 3. Nc3 d5 4. cxd5 Nxd5 5. e4 Nxc3 6. bxc3 Bg7 7. Nf3 c5 8.
Be3 Qa5 9. Qd2 O-O 10. Rc1 Rd8 11. d5 e6 12. Bg5 Rd7 13. c4 Qa3 14. Bd3 Nc6 15.
O-O Nb4 16. Bb1 b5 17. Qf4 bxc4 18. dxe6 fxe6 19. Ne5 Bxe5 20. Qxe5 Nd3 21.
Bxd3 Qxd3 22. Qxe6+ Rf7 23. Qe8+ Rf8 24. Qc6 Bd7 25. Qxc5 Qxe4 26. Bh6 Rfc8 27.
Qd6 Bc6 28. f3 Qd5 29. Qf6 Qf7 30. Qxf7+ Kxf7 31. Rxc4 Bd5 32. Rf4+ Ke6 33.
Re1+ Kd7 34. Rd1 Ke6 35. Bg5 Rc4 36. Rf6+ Ke5 37. Re1+ Kd4 38. Rd6 Kc5 39. Be7
Bc6 40. Rb1 Re8 41. Rd7+ 1-0

[Event "2BLN 1819 SK Zehlendorf - Hamburger SK "]
[Site "?"]
[Date "2019.03.24"]
[Round "10.4"]
[White "Meister, Jakob"]
[Black "Voigt, Roland"]
[Result "1/2-1/2"]
[WhiteElo "2419"]
[BlackElo "2449"]
[PlyCount "139"]
[EventDate "2019.??.??"]

1. d4 Nf6 2. Bf4 e6 3. e3 c5 4. Nc3 a6 5. d5 b5 6. dxe6 fxe6 7. Nf3 Bb7 8. Be2
Be7 9. O-O O-O 10. a4 b4 11. Na2 Nc6 12. c3 Qb6 13. cxb4 Nxb4 14. Nxb4 Qxb4 15.
Ne5 d6 16. Nd3 Qa5 17. Bg3 e5 18. f3 Kh8 19. e4 Rab8 20. b3 Bc8 21. Nb2 Qc3 22.
Nc4 Be6 23. Rb1 Rfd8 24. Kh1 Qb4 25. Qc2 Qb7 26. Rfd1 Nh5 27. Be1 Nf4 28. Ba5
Rf8 29. Bf1 d5 30. Nd2 d4 31. Bc4 Qc6 32. Bxe6 Qxe6 33. Nc4 Rb7 34. Bd2 Ng6 35.
Qd3 Rfb8 36. Rf1 h6 37. f4 exf4 38. Bxf4 Nxf4 39. Rxf4 Rb4 40. Rff1 Bg5 41. h3
Kg8 42. Kh2 Bd8 43. g3 Bc7 44. Kg2 Re8 45. Rbe1 Reb8 46. Rb1 Re8 47. Nd2 Ba5
48. Rf5 Rbb8 49. Nc4 Bb4 50. e5 Bc3 51. h4 Rf8 52. Rxf8+ Rxf8 53. Qe4 Qf5 54.
Qxf5 Rxf5 55. Rf1 Rxf1 56. Kxf1 h5 57. Nd6 d3 58. Ne4 Bd4 59. Ke1 Be3 60. Nd6
Kf8 61. Nc4 Bd4 62. Kd2 Bf2 63. Nd6 Bxg3 64. Ne4 Bxh4 65. Nxc5 Be7 66. Nxd3 Kf7
67. b4 Ke6 68. b5 axb5 69. axb5 Bd8 70. Nf4+ {(=)} 1/2-1/2

[Event "2BLN 1819 SK Zehlendorf - Hamburger SK "]
[Site "?"]
[Date "2019.03.24"]
[Round "10.5"]
[White "Hoolt, Sarah"]
[Black "Lagunow, Alexander"]
[Result "1-0"]
[WhiteElo "2324"]
[BlackElo "2381"]
[PlyCount "131"]
[EventDate "2019.??.??"]

1. e4 c5 2. Nf3 Nc6 3. d4 cxd4 4. Nxd4 Nf6 5. Nc3 d6 6. f3 e5 7. Nb3 Be7 8. Be3
O-O 9. Qd2 a5 10. Bb5 Be6 11. O-O-O Nb4 12. Kb1 d5 13. exd5 Nbxd5 14. Nxd5 Nxd5
15. Bc4 Nxe3 16. Qxe3 Qc8 17. Bxe6 Qxe6 18. Rhe1 a4 19. Nc5 Qc6 20. Nd7 Rfc8
21. Qe4 f6 22. f4 a3 23. fxe5 axb2 24. exf6 Bxf6 25. Nxf6+ Qxf6 26. Qe6+ Qxe6
27. Rxe6 Kf7 28. Rb6 Rc7 29. Kxb2 Ra5 30. c3 Rh5 31. h3 Re5 32. Rd2 Ke7 33. a4
Rec5 34. Rb4 Re5 35. Kb3 Re1 36. Rg4 Ke6 37. Rdd4 Rb1+ 38. Kc2 Rg1 39. Rge4+
Kf5 40. Re2 Ra1 41. Kb2 Rf1 42. Rd8 Kg6 43. Red2 Rff7 44. R8d6+ Kg5 45. Kb3
Rfe7 46. g3 g6 47. R2d5+ Kh6 48. Rd3 Rf7 49. c4 Rfe7 50. R6d5 Re4 51. R5d4 Ree7
52. a5 Re1 53. Rd7 Rc6 54. R3d4 Re3+ 55. Kb4 Rxg3 56. Rh4+ Kg5 57. Rg4+ Rxg4
58. hxg4 b6 59. a6 h6 60. a7 Rc8 61. Kb5 Kxg4 62. Kxb6 h5 63. Kb7 Re8 64. a8=Q
Rxa8 65. Kxa8 h4 66. c5 1-0

[Event "2BLN 1819 SK Zehlendorf - Hamburger SK "]
[Site "?"]
[Date "2019.03.24"]
[Round "10.6"]
[White "Figura, Atila Gajo"]
[Black "Fuchs, Judith"]
[Result "1/2-1/2"]
[WhiteElo "2380"]
[BlackElo "2256"]
[PlyCount "23"]
[EventDate "2019.??.??"]

1. Nf3 Nf6 2. g3 b5 3. Bg2 Bb7 4. O-O e6 5. b3 Be7 6. Bb2 c5 7. d3 O-O 8. e4 d6
9. Nbd2 Nbd7 10. Ng5 Qb6 11. c4 Ne8 12. f4 1/2-1/2

[Event "2BLN 1819 SK Zehlendorf - Hamburger SK "]
[Site "?"]
[Date "2019.03.24"]
[Round "10.7"]
[White "Sievers, Stefan"]
[Black "Kalabic, Faris"]
[Result "1-0"]
[WhiteElo "2361"]
[BlackElo "2205"]
[PlyCount "41"]
[EventDate "2019.??.??"]

1. e4 c5 2. Nc3 Nc6 3. Bb5 Nd4 4. Bc4 e6 5. Nf3 Qc7 6. d3 a6 7. Nxd4 cxd4 8.
Ne2 Bc5 9. O-O Nf6 10. Bf4 Bd6 11. Bxd6 Qxd6 12. h3 Qc5 13. Bb3 d6 14. c3 dxc3
15. d4 Qa5 16. Nxc3 O-O 17. f4 Rd8 18. e5 Ne8 19. Qh5 f5 20. Qxf5 Nc7 21. Qh5
1-0

[Event "2BLN 1819 SK Zehlendorf - Hamburger SK "]
[Site "?"]
[Date "2019.03.24"]
[Round "10.8"]
[White "Floeel, Helmut"]
[Black "Groetzbach, Julian"]
[Result "0-1"]
[WhiteElo "2116"]
[BlackElo "2243"]
[PlyCount "80"]
[EventDate "2019.??.??"]

1. c4 e6 2. d4 d5 3. Nf3 Nf6 4. Nc3 Bb4 5. Bd2 O-O 6. e3 b6 7. cxd5 exd5 8. Bd3
Ba6 9. Qe2 Bxd3 10. Qxd3 a6 11. O-O Re8 12. Ng5 h6 13. Nh3 Bd6 14. Nf4 Bxf4 15.
exf4 Qd6 16. Rfe1 Rxe1+ 17. Rxe1 Nbd7 18. b4 c6 19. g3 b5 20. a4 Nb6 21. a5 Nc4
22. Na2 Ne4 23. Bc1 Qd7 24. f3 Ned6 25. g4 Qd8 26. Qe2 Qf6 27. Qf2 g6 28. Kg2
Ne8 29. Kg3 Ng7 30. Rd1 Re8 31. h3 Qd6 32. Kg2 Kh7 33. Bd2 Ne6 34. f5 gxf5 35.
Qh4 Nf4+ 36. Kf1 Qe6 37. Nc3 Nxd2+ 38. Rxd2 Qe3 39. Nb1 Qxf3+ 40. Qf2 Qh1+ 0-1

[Event "2BLN 1819 Lübecker SV - SK Norderstedt"]
[Site "?"]
[Date "2019.03.24"]
[Round "10.1"]
[White "Olszewski, Michal"]
[Black "Kalinitschew, Sergey"]
[Result "1/2-1/2"]
[WhiteElo "2516"]
[BlackElo "2436"]
[PlyCount "135"]
[EventDate "2019.??.??"]

1. e4 c5 2. Nf3 Nc6 3. d4 cxd4 4. Nxd4 e5 5. Nb5 d6 6. c4 a6 7. N5c3 Nf6 8. Na3
Be7 9. Nc2 O-O 10. Be2 Be6 11. O-O Rc8 12. Be3 Nb8 13. Na3 Nbd7 14. Rc1 Ne8 15.
Qd2 h6 16. g3 Nef6 17. f3 Re8 18. Kh1 Bf8 19. Nd5 Nh7 20. Nb1 f5 21. Nbc3 Nhf6
22. exf5 Bxf5 23. g4 Nxd5 24. Qxd5+ Be6 25. Qxb7 Rb8 26. Qxa6 Rxb2 27. Rb1 Qb8
28. Qa3 Rb7 29. Rxb7 Qxb7 30. Rb1 Qc6 31. Qa4 Qxa4 32. Nxa4 Rc8 33. Rc1 Ra8 34.
Nc3 Nf6 35. g5 hxg5 36. Bxg5 Ra3 37. Kg1 Be7 38. Rc2 Bd8 39. Nb5 Ra6 40. Kg2
Bf5 41. Rb2 Kh7 42. c5 dxc5 43. Nd4 Rxa2 44. Rxa2 exd4 45. Bc4 Nd5 46. Bxd8
Ne3+ 47. Kf2 Nxc4 48. Be7 d3 49. Bxc5 d2 50. Ke2 Bb1 51. Ra1 Bc2 52. Bb4 d1=Q+
53. Rxd1 Bxd1+ 54. Kxd1 Kg6 55. Bc3 Ne3+ 56. Ke2 Nf5 57. Kd3 Kh5 58. Ke4 g6 59.
Bf6 Nd6+ 60. Ke5 Nc4+ 61. Kf4 Nd6 62. Bd4 Nf5 63. Be5 Nh4 64. Bd4 Nf5 65. Bf2
Ng7 66. Ke5 Nf5 67. Kf6 Nh6 68. Bg3 1/2-1/2

[Event "2BLN 1819 Lübecker SV - SK Norderstedt"]
[Site "?"]
[Date "2019.03.24"]
[Round "10.2"]
[White "Riess, Alexander"]
[Black "Krause, Benedict"]
[Result "1/2-1/2"]
[WhiteElo "2278"]
[BlackElo "2447"]
[PlyCount "43"]
[EventDate "2019.??.??"]

1. d4 Nf6 2. c4 g6 3. g3 c6 4. Nf3 Bg7 5. Bg2 d5 6. cxd5 cxd5 7. Nc3 Ne4 8.
Qa4+ Nc6 9. Ne5 Bd7 10. Nxd7 Qxd7 11. Nxe4 dxe4 12. Bxe4 Nxd4 13. Qxd7+ Kxd7
14. Be3 e5 15. O-O-O Kc7 16. Rd2 Rad8 17. Rhd1 f5 18. Bg2 Rd6 19. Rxd4 exd4 20.
Bf4 Rhd8 21. Bxd6+ Kxd6 22. Kd2 1/2-1/2

[Event "2BLN 1819 Lübecker SV - SK Norderstedt"]
[Site "?"]
[Date "2019.03.24"]
[Round "10.3"]
[White "Ostrovskiy, Andrey"]
[Black "Kololli, Martin"]
[Result "1/2-1/2"]
[WhiteElo "2425"]
[BlackElo "2307"]
[PlyCount "82"]
[EventDate "2019.??.??"]

1. e4 e5 2. Nf3 Nc6 3. Bb5 a6 4. Ba4 d6 5. O-O Bd7 6. c3 g6 7. d4 Bg7 8. Re1
Nge7 9. d5 Nb8 10. c4 O-O 11. Bxd7 Nxd7 12. Be3 h6 13. Nfd2 f5 14. f3 Nf6 15.
Nc3 Nh5 16. c5 Nc8 17. b4 a5 18. bxa5 dxc5 19. Na4 b6 20. axb6 cxb6 21. Rb1 Nf6
22. Qb3 Rf7 23. Nc3 fxe4 24. Ndxe4 Qf8 25. a4 Ne8 26. Qc2 Rd7 27. Red1 Qf7 28.
Qb3 Bf8 29. Nb5 Ne7 30. Nbc3 Nc8 31. Bf2 Bg7 32. Rd2 Kf8 33. Qb5 Ra5 34. Qe2
Kg8 35. Bg3 Nc7 36. Qd1 c4 37. Qe2 Nxd5 38. Qxc4 Rc7 39. Qb3 Nxc3 40. Nxc3 Qxb3
41. Rxb3 Kf7 1/2-1/2

[Event "2BLN 1819 Lübecker SV - SK Norderstedt"]
[Site "?"]
[Date "2019.03.24"]
[Round "10.4"]
[White "Svane, Frederik"]
[Black "Trent, Lawrence"]
[Result "1/2-1/2"]
[WhiteElo "2307"]
[BlackElo "2384"]
[PlyCount "170"]
[EventDate "2019.??.??"]

1. e4 e5 2. Nf3 Nc6 3. Bb5 a6 4. Ba4 d6 5. d4 Bd7 6. c3 g6 7. O-O Bg7 8. Re1
Nf6 9. Nbd2 O-O 10. h3 Re8 11. Bc2 Nh5 12. Nf1 Nf4 13. Ne3 exd4 14. cxd4 Nb4
15. Bb1 Bb5 16. a4 Bd3 17. Nc2 Bxc2 18. Bxc2 Nxc2 19. Qxc2 Ne6 20. d5 Nd4 21.
Nxd4 Bxd4 22. Be3 Bg7 23. Rac1 Qd7 24. Qxc7 Qxc7 25. Rxc7 Rxe4 26. Rxb7 Rxa4
27. Rb6 Bf8 28. Rc1 Ra5 29. Rc7 Bg7 30. Ra7 Ra1+ 31. Kh2 Be5+ 32. g3 Rxa7 33.
Rb8+ Kg7 34. Bxa7 Ra5 35. Rb6 Rxd5 36. Rxa6 Bxb2 37. Bb8 Rd2 38. Kg2 Be5 39.
Kf3 Bd4 40. Rxd6 Rxf2+ 41. Ke4 Bf6 42. h4 Rb2 43. Ba7 Rb4+ 44. Kf3 Rb3+ 45. Kf2
Rb4 46. Rd5 h5 47. Be3 Ra4 48. Kf3 Bc3 49. Rc5 Ba1 50. Rc7 Be5 51. Re7 Ba1 52.
Ra7 Rxa7 53. Bxa7 Kf6 54. Ke4 Bc3 55. Bb8 Ke6 56. Bf4 f6 57. Be3 Bb4 58. Bf2
Ba5 59. Be3 Bc7 60. Bf2 Be5 61. Be1 Kd6 62. Bf2 Kc6 63. Be1 Kc5 64. Bf2+ Kc4
65. Be1 Bc7 66. Bf2 f5+ 67. Kf3 Kd3 68. Bc5 Kc4 69. Be3 Kd5 70. Bg5 Ba5 71. Bf4
Kd4 72. Bb8 Bd2 73. Bf4 Ba5 74. Bb8 Kd5 75. Bf4 Bc3 76. Bb8 Kd4 77. Bc7 Kd5 78.
Bb8 Be5 79. Ba7 Bd6 80. Be3 Bc7 81. Bd2 Kd4 82. Bf4 Be5 83. Be3+ Kd3 84. Bf4
Bg7 85. Bc7 Bh6 1/2-1/2

[Event "2BLN 1819 Lübecker SV - SK Norderstedt"]
[Site "?"]
[Date "2019.03.24"]
[Round "10.5"]
[White "Kopylov, Michael"]
[Black "Poghosyan, Tigran"]
[Result "1/2-1/2"]
[WhiteElo "2417"]
[BlackElo "2172"]
[PlyCount "41"]
[EventDate "2019.??.??"]

1. d4 Nf6 2. c4 g6 3. g3 Bg7 4. Bg2 d5 5. cxd5 Nxd5 6. e4 Nb6 7. Ne2 O-O 8. O-O
Nc6 9. d5 Na5 10. Nbc3 c6 11. b3 cxd5 12. exd5 Bg4 13. Bd2 e6 14. dxe6 Bxe6 15.
Ne4 Nc6 16. Bg5 f6 17. Bf4 f5 18. Nc5 Bxa1 19. Qxa1 Qe7 20. Nd4 Bd5 21. Bh6
1/2-1/2

[Event "2BLN 1819 Lübecker SV - SK Norderstedt"]
[Site "?"]
[Date "2019.03.24"]
[Round "10.6"]
[White "Ehrke, Michael"]
[Black "Kahlert, Thomas"]
[Result "1-0"]
[WhiteElo "2213"]
[BlackElo "2183"]
[PlyCount "169"]
[EventDate "2019.??.??"]

1. d4 Nf6 2. Bf4 c5 3. e3 g6 4. Nf3 Bg7 5. h3 O-O 6. Be2 d6 7. O-O Nc6 8. Nbd2
cxd4 9. exd4 e5 10. dxe5 dxe5 11. Bxe5 Nxe5 12. Nxe5 Nd5 13. Ndf3 Nf4 14. Bc4
Qc7 15. Qd4 Ne6 16. Qe3 Qc5 17. Qxc5 Nxc5 18. Nxf7 Bxb2 19. Rab1 Bc3 20. Bd5
Rb8 21. Nd6+ Kg7 22. Nb5 Bf6 23. Nxa7 Bf5 24. Rb5 b6 25. Nc6 Bd7 26. Rfb1 Na4
27. Nxb8 Bxb5 28. Rxb5 Rxb8 29. Bb3 Nc3 30. Rb4 b5 31. Kf1 Rd8 32. g4 g5 33.
Kg2 h6 34. Be6 Rd1 35. Bf5 Ne2 36. Rxb5 Nf4+ 37. Kh2 Rf1 38. Ne5 Rxf2+ 39. Kh1
Rf1+ 40. Kh2 Rf2+ 41. Kg1 Nxh3+ 42. Kh1 Bxe5 43. Rxe5 Nf4 44. a4 h5 45. gxh5
Nxh5 46. Kg1 Rf4 47. Bd7 Rd4 48. Be8 Kf6 49. Rc5 Nf4 50. Kf2 Ne6 51. Rc3 Ke7
52. Bb5 Rb4 53. Ra3 Kd6 54. c4 Nc7 55. Rc3 Kc5 56. Kg3 Rb1 57. Re3 Nxb5 58.
cxb5 Rb4 59. Rc3+ Kb6 60. Rc6+ Kb7 61. Ra6 Rd4 62. a5 Rb4 63. Rb6+ Ka7 64. Kf3
Rf4+ 65. Kg2 Ra4 66. Ra6+ Kb7 67. Kg3 Rb4 68. Rb6+ Ka7 69. Kf3 Rf4+ 70. Ke3 Ra4
71. Ra6+ Kb7 72. Kd3 g4 73. Kc3 g3 74. Kb3 Rg4 75. Re6 g2 76. a6+ Kc7 77. b6+
Kd7 78. Re1 Rg6 79. b7 Rb6+ 80. Kc4 Kc7 81. Re7+ Kb8 82. Re8+ Kc7 83. Rc8+ Kd7
84. Rg8 Kc7 85. a7 1-0

[Event "2BLN 1819 Lübecker SV - SK Norderstedt"]
[Site "?"]
[Date "2019.03.24"]
[Round "10.7"]
[White "Hagenstein, Frank"]
[Black "Lampe, Dirk"]
[Result "0-1"]
[WhiteElo "2259"]
[BlackElo "2140"]
[PlyCount "94"]
[EventDate "2019.??.??"]

1. d4 Nf6 2. c4 g6 3. g3 Bg7 4. Bg2 O-O 5. Nc3 d6 6. Nf3 c6 7. O-O Qa5 8. e4 e5
9. d5 cxd5 10. cxd5 b5 11. Re1 b4 12. Na4 Bd7 13. b3 Na6 14. Bd2 Bxa4 15. bxa4
Nc5 16. Ng5 Qb6 17. a5 Qd8 18. Bxb4 Nfd7 19. Nh3 f5 20. f3 Bh6 21. Rb1 Rc8 22.
Nf2 Qf6 23. Rb2 Na6 24. a3 Rc1 25. Qe2 Rxe1+ 26. Qxe1 Rc8 27. Nd3 Rc4 28. Qe2
fxe4 29. fxe4 Nac5 30. Rb1 Nxd3 31. Qxd3 Rc1+ 32. Rxc1 Bxc1 33. h4 Bb2 34. Kh2
Bd4 35. Qb5 Qe7 36. Qb7 Kf7 37. Bh3 Nc5 38. Qc8 Kg7 39. Bg2 Qf7 40. a6 Qf2 41.
Qc7+ Kg8 42. Qxd6 Nxe4 43. Qd8+ Kg7 44. Qe7+ Kg8 45. Qe6+ Kg7 46. Qd7+ Kg8 47.
Qg4 Qg1+ 0-1

[Event "2BLN 1819 Lübecker SV - SK Norderstedt"]
[Site "?"]
[Date "2019.03.24"]
[Round "10.8"]
[White "Frohberg, Marco"]
[Black "Kopylov, Daniel"]
[Result "1/2-1/2"]
[WhiteElo "2225"]
[BlackElo "2282"]
[PlyCount "24"]
[EventDate "2019.??.??"]

1. e4 c5 2. Nf3 d6 3. Bb5+ Bd7 4. Bxd7+ Qxd7 5. c4 Nf6 6. Nc3 g6 7. d4 cxd4 8.
Nxd4 Bg7 9. O-O O-O 10. Qe2 Rc8 11. Nc2 Nc6 12. Rb1 a6 1/2-1/2

[Event "2BLN 1819 SK König Tegel - SV Glückauf "]
[Site "?"]
[Date "2019.03.24"]
[Round "10.1"]
[White "Kanarek, Marcel"]
[Black "Stern, Rene"]
[Result "1-0"]
[WhiteElo "2498"]
[BlackElo "2540"]
[PlyCount "107"]
[EventDate "2019.??.??"]

1. e4 e5 2. Nf3 Nc6 3. Bb5 Nf6 4. d3 d6 5. c3 Be7 6. O-O O-O 7. Nbd2 a6 8. Ba4
Re8 9. Re1 Bf8 10. Nf1 h6 11. Ng3 b5 12. Bc2 d5 13. h3 dxe4 14. dxe4 Qxd1 15.
Rxd1 Be6 16. Be3 Nd7 17. Bb3 Nc5 18. Bxc5 Bxc5 19. Bd5 Bxd5 20. Rxd5 Bb6 21.
Rad1 g6 22. Kf1 Kg7 23. a4 bxa4 24. Ra1 Rad8 25. Rxd8 Rxd8 26. Rxa4 Rd1+ 27.
Ke2 Rb1 28. Ra2 a5 29. Kd2 Bxf2 30. Kc2 Bxg3 31. Kxb1 Kf8 32. Kc2 Ke7 33. Kd3
f5 34. Nd2 Bf2 35. Nc4 Bb6 36. Ra3 Bc5 37. Rb3 a4 38. Rb5 Bd6 39. Nxd6 cxd6 40.
Rb6 Nd8 41. exf5 gxf5 42. Kd2 Ne6 43. Rb7+ Kf8 44. Rh7 Nc5 45. Ke2 f4 46. Rxh6
Ke7 47. h4 e4 48. h5 Nd3 49. Rh7+ Kf8 50. Rb7 Kg8 51. Rb4 d5 52. Rxa4 Nxb2 53.
Rd4 Nd3 54. Rxd3 1-0

[Event "2BLN 1819 SK König Tegel - SV Glückauf "]
[Site "?"]
[Date "2019.03.24"]
[Round "10.2"]
[White "Rabiega, Robert"]
[Black "Leniart, Arkadiusz"]
[Result "1/2-1/2"]
[WhiteElo "2503"]
[BlackElo "2488"]
[PlyCount "46"]
[EventDate "2019.??.??"]

1. e4 e5 2. Nf3 Nc6 3. Bc4 Nf6 4. d3 Bc5 5. O-O d6 6. c3 a6 7. Bb3 Ba7 8. Be3
Qe7 9. Nbd2 h6 10. Re1 Bxe3 11. fxe3 O-O 12. Nf1 Kh7 13. Ng3 g6 14. d4 Bd7 15.
Bc2 Ne8 16. b4 Ng7 17. a4 f6 18. Qd2 Nd8 19. c4 a5 20. b5 Nf7 21. Rab1 Bg4 22.
Qc3 b6 23. Nd2 Rae8 1/2-1/2

[Event "2BLN 1819 SK König Tegel - SV Glückauf "]
[Site "?"]
[Date "2019.03.24"]
[Round "10.3"]
[White "Steczek, Marcin"]
[Black "Moreno Tejera, Emilio"]
[Result "1-0"]
[WhiteElo "2387"]
[BlackElo "2433"]
[PlyCount "69"]
[EventDate "2019.??.??"]

1. Nf3 f5 2. g3 Nf6 3. Bg2 g6 4. b4 e6 5. Ba3 d5 6. Qc1 b5 7. O-O Nc6 8. d3 Rb8
9. Nbd2 Bxb4 10. Bxb4 Nxb4 11. a4 a6 12. Nb3 O-O 13. axb5 axb5 14. c3 Na6 15.
Qa3 Nd7 16. Nbd4 Rb6 17. Rab1 Ndb8 18. Nxb5 c5 19. Qa1 Bd7 20. Na3 Bc6 21. Ne5
Rxb1 22. Rxb1 f4 23. Nc2 Qc7 24. c4 Ba8 25. Ng4 Qg7 26. Qxg7+ Kxg7 27. Rb6 Bc6
28. gxf4 Ba4 29. Rb7+ Kh8 30. cxd5 exd5 31. Nce3 Rxf4 32. Ne5 c4 33. Nxd5 cxd3
34. Nxf4 d2 35. Nfxg6+ 1-0

[Event "2BLN 1819 SK König Tegel - SV Glückauf "]
[Site "?"]
[Date "2019.03.24"]
[Round "10.4"]
[White "Muse, Mladen"]
[Black "Janaszak, Dawid"]
[Result "0-1"]
[WhiteElo "2388"]
[BlackElo "2348"]
[PlyCount "54"]
[EventDate "2019.??.??"]

1. Nf3 Nf6 2. g3 g6 3. b3 Bg7 4. Bb2 d6 5. d4 O-O 6. Bg2 c5 7. O-O cxd4 8. Nxd4
d5 9. c4 dxc4 10. bxc4 Qb6 11. Qb3 Nfd7 12. e3 Nc6 13. Rd1 Na5 14. Qxb6 axb6
15. Na3 Ne5 16. Rac1 Bg4 17. Rd2 Rfd8 18. Rcc2 Rac8 19. h3 Bd7 20. Ba1 Naxc4
21. Nxc4 Nxc4 22. Re2 Ba4 23. Rc3 e5 24. Nf3 Rd1+ 25. Re1 e4 26. Rxd1 Bxc3 27.
Rc1 exf3 0-1

[Event "2BLN 1819 SK König Tegel - SV Glückauf "]
[Site "?"]
[Date "2019.03.24"]
[Round "10.5"]
[White "Sroczynski, Maciej"]
[Black "Fruebing, Stefan"]
[Result "1/2-1/2"]
[WhiteElo "2306"]
[BlackElo "2414"]
[PlyCount "54"]
[EventDate "2019.??.??"]

1. d4 d5 2. Nf3 Nf6 3. c4 c6 4. Qc2 dxc4 5. Qxc4 Bg4 6. Nbd2 Nbd7 7. g3 e6 8.
Bg2 Be7 9. O-O O-O 10. b3 Rc8 11. Bb2 b5 12. Qc2 c5 13. Rac1 Qb6 14. e4 Qa6 15.
Qd3 c4 16. bxc4 bxc4 17. Nxc4 Bxf3 18. Bxf3 Nb6 19. Ne5 Qxa2 20. Qb5 Rxc1 21.
Rxc1 Ba3 22. Bxa3 Qxa3 23. Qc5 Qb2 24. Rc2 Qb1+ 25. Rc1 Qb2 26. Rc2 Qb1+ 27.
Rc1 Qb2 1/2-1/2

[Event "2BLN 1819 SK König Tegel - SV Glückauf "]
[Site "?"]
[Date "2019.03.24"]
[Round "10.6"]
[White "Berger, Steve"]
[Black "Dudzinski, Piotr"]
[Result "1/2-1/2"]
[WhiteElo "2413"]
[BlackElo "2339"]
[PlyCount "102"]
[EventDate "2019.??.??"]

1. e4 e5 2. Nf3 Nc6 3. Bc4 Bc5 4. O-O Nf6 5. d3 h6 6. a4 O-O 7. Re1 d6 8. c3 a6
9. h3 Qe7 10. Nbd2 Be6 11. Bxe6 fxe6 12. b4 Ba7 13. Nf1 Nh5 14. Be3 Qf7 15.
Bxa7 Rxa7 16. Ra2 Nf4 17. Kh2 Ne7 18. Ng1 Raa8 19. g3 Nh5 20. Ne3 Qg6 21. Qg4
Qf7 22. Qd1 Qg6 23. Ng4 Nf6 24. Kg2 h5 25. Nxf6+ Rxf6 26. h4 Qg4 27. Qxg4 hxg4
28. f3 gxf3+ 29. Nxf3 a5 30. b5 Raf8 31. Rf1 Nc8 32. Nd2 Rxf1 33. Nxf1 Nb6 34.
Nd2 Nd7 35. Nc4 Nc5 36. b6 cxb6 37. Nxb6 Nxd3 38. Rd2 Nc5 39. Rxd6 Nxe4 40.
Rxe6 Rf2+ 41. Kg1 Rf3 42. Rxe5 Rxg3+ 43. Kh2 Rg4 44. h5 Nxc3 45. Rxa5 Rb4 46.
Rc5 Nxa4 47. Nxa4 Rxa4 48. Rb5 Kh7 49. Rxb7 Kh6 50. Kg3 Ra5 51. Rb3 Kxh5
1/2-1/2

[Event "2BLN 1819 SK König Tegel - SV Glückauf "]
[Site "?"]
[Date "2019.03.24"]
[Round "10.7"]
[White "Szadkowski, Kamil"]
[Black "Muse, Drazen"]
[Result "1/2-1/2"]
[WhiteElo "2237"]
[BlackElo "2368"]
[PlyCount "60"]
[EventDate "2019.??.??"]

1. e4 Nc6 2. Nf3 d6 3. d4 Nf6 4. Nc3 g6 5. Bc4 Bg7 6. Qe2 e5 7. dxe5 Nxe5 8.
Nxe5 dxe5 9. Be3 c6 10. Bc5 Nd7 11. Rd1 Bf8 12. Bxf8 Kxf8 13. O-O Kg7 14. f4
Rf8 15. Kh1 exf4 16. e5 Qe7 17. Rde1 Nb6 18. Rxf4 Nxc4 19. Qxc4 Bf5 20. Rf2
Rac8 21. Rfe2 Qe6 22. Qh4 h5 23. b3 Rcd8 24. Qf2 b6 25. h3 Bxh3 26. Qf6+ Kg8
27. gxh3 Qxh3+ 28. Rh2 Qxc3 29. Rg1 Rd6 30. Qxd6 Qf3+ 1/2-1/2

[Event "2BLN 1819 SK König Tegel - SV Glückauf "]
[Site "?"]
[Date "2019.03.24"]
[Round "10.8"]
[White "Von Herman, Ulf"]
[Black "Wlodarczyk, Oskar"]
[Result "1-0"]
[WhiteElo "2340"]
[BlackElo "2246"]
[PlyCount "81"]
[EventDate "2019.??.??"]

1. c4 c5 2. Nf3 Nc6 3. d4 cxd4 4. Nxd4 g6 5. e4 Bg7 6. Be3 Nf6 7. Nc3 d6 8. Be2
Bd7 9. O-O O-O 10. h3 a6 11. Nb3 Na5 12. a4 Bc6 13. Nd2 Bd7 14. Nd5 Nxd5 15.
exd5 b6 16. Ra2 Nb7 17. Nf3 a5 18. Bd4 Nc5 19. Bxg7 Kxg7 20. b3 Qc7 21. Rd2 f6
22. Bd3 Rae8 23. Bc2 Rf7 24. Re1 Na6 25. Rde2 Qc5 26. Re3 Qa3 27. Nd4 Qc5 28.
h4 Kf8 29. h5 g5 30. h6 f5 31. Nf3 Rf6 32. Nxg5 Rxh6 33. Ne6+ Bxe6 34. Rxe6 Rg6
35. Bxf5 Rg7 36. Qh5 Nc7 37. Rh6 Qb4 38. Re3 Qa3 39. Bxh7 Qc1+ 40. Kh2 e5 41.
Bg6 1-0

[Event "2BLN 1819 SV Lingen - SF Berlin II"]
[Site "?"]
[Date "2019.03.24"]
[Round "10.1"]
[White "Lauber, Arnd"]
[Black "Perunovic, Milos"]
[Result "0-1"]
[WhiteElo "2426"]
[BlackElo "2600"]
[PlyCount "56"]
[EventDate "2019.??.??"]

1. d4 Nf6 2. c4 c5 3. d5 b5 4. a4 b4 5. g3 g6 6. b3 Bg7 7. Bb2 O-O 8. Bg2 d6 9.
Nd2 Bb7 10. e4 e6 11. Ne2 exd5 12. exd5 Nbd7 13. O-O Ne5 14. Nf3 Nxf3+ 15. Bxf3
Re8 16. Re1 Bc8 17. Kg2 g5 18. Ng1 g4 19. Be2 Bf5 20. f3 Qd7 21. Qd2 Ne4 22.
Qc1 Nc3 23. fxg4 Nxe2 24. Rxe2 Rxe2+ 25. Nxe2 Be4+ 26. Kf2 Qxg4 27. Bxg7 Qf3+
28. Ke1 Bd3 0-1

[Event "2BLN 1819 SV Lingen - SF Berlin II"]
[Site "?"]
[Date "2019.03.24"]
[Round "10.2"]
[White "Gajek, Radoslaw"]
[Black "Agopov, Mikael"]
[Result "1/2-1/2"]
[WhiteElo "2446"]
[BlackElo "2444"]
[PlyCount "78"]
[EventDate "2019.??.??"]

1. Nf3 Nf6 2. g3 g6 3. b3 Bg7 4. Bb2 c5 5. c4 d6 6. Bg2 e5 7. O-O O-O 8. Nc3
Nc6 9. e3 Ne8 10. d3 Nc7 11. Nd2 Rb8 12. a3 a5 13. Qc2 Bd7 14. Nde4 Be6 15. f4
h6 16. fxe5 Bxe5 17. Nb5 f5 18. Bxe5 Nxe5 19. Nexd6 Nxb5 20. Nxb5 Qxd3 21. Qxd3
Nxd3 22. Rad1 Rfd8 23. Nc7 Bf7 24. e4 a4 25. exf5 axb3 26. Bd5 Bxd5 27. Nxd5
Rxd5 28. cxd5 c4 29. Rxd3 cxd3 30. Kf2 Rd8 31. Ke3 Rxd5 32. Kd2 b2 33. Rb1 Rxf5
34. Rxb2 Rf2+ 35. Kc3 Rxb2 36. Kxb2 Kf7 37. Kc3 Ke6 38. Kxd3 Kd5 39. a4 b6
1/2-1/2